[Event "AUTO-INT-882"]
[Site "http://www.queenalice.com/game.php?id=394882"]
[Date "2008.4.28"]
[Round "1"]
[White "SheepShagger"]
[Black "Samuel"]
[Result "0-1"]
[WhiteElo "1439"]
[BlackElo "1253"]

1. e4 e5 2. Nc3 d5 3. exd5 Be7 4. Nge2 Bd7 5. g3 c6 6. Bg2 cxd5 7. Bxd5 Nf6 8.
Bxb7 Nd5 9. Nxd5 Bd6 10. Bxa8 Be6 11. Nec3 f5 0-1

[Event "AUTO-INT-882"]
[Site "http://www.queenalice.com/game.php?id=394899"]
[Date "2008.4.28"]
[Round "1"]
[White "SheepShagger"]
[Black "th_hoffmann"]
[Result "1-0"]
[WhiteElo "1377"]
[BlackElo "1367"]

1. e4 d6 2. f4 Nf6 3. Nc3 c5 4. Bc4 e6 5. a3 Nc6 6. d3 a6 7. Nf3 Nh5 8. O-O Qf6
9. g4 Nxf4 10. g5 Nh3+ 11. Kh1 b5 12. gxf6 bxc4 13. dxc4 1-0

[Event "AUTO-INT-882"]
[Site "http://www.queenalice.com/game.php?id=394900"]
[Date "2008.4.28"]
[Round "1"]
[White "th_hoffmann"]
[Black "SheepShagger"]
[Result "0-1"]
[WhiteElo "1351"]
[BlackElo "1393"]

1. e3 e6 2. Nf3 b6 3. c3 Bb7 4. d4 Nc6 5. a3 Nf6 6. Nh4 g5 7. Nf3 Rg8 8. Bd3 g4
9. Ng5 Rxg5 10. f4 Rg7 11. b4 h5 12. e4 Ne7 0-1

[Event "AUTO-INT-882"]
[Site "http://www.queenalice.com/game.php?id=394901"]
[Date "2008.4.28"]
[Round "1"]
[White "SheepShagger"]
[Black "Miki"]
[Result "1-0"]
[WhiteElo "1429"]
[BlackElo "1383"]

1. e4 e6 2. d4 d5 3. Nc3 Bb4 4. Bd3 c5 5. Nf3 Nf6 6. e5 Nfd7 7. Bd2 Nc6 8. Nb5
O-O 9. c3 Ba5 10. Qc2 a6 11. Bxh7+ Kh8 12. Nd6 Bc7 13. Bg5 Ne7 14. Bh4 cxd4 15.
cxd4 1-0

[Event "AUTO-OPEN-1111"]
[Site "http://www.queenalice.com/game.php?id=394957"]
[Date "2008.4.28"]
[Round "1"]
[White "SheepShagger"]
[Black "AnderBob"]
[Result "0-1"]
[WhiteElo "1439"]
[BlackElo "1688"]

1. e3 e5 2. Bd3 Nc6 3. Nc3 Bc5 4. Qg4 Nf6 5. Qc4 O-O 6. Qxc5 d6 7. Qc4 Be6 8.
Qh4 Re8 9. Nge2 Qd7 10. f4 exf4 11. Nxf4 Ne5 12. Be2 Rad8 13. b3 c5 14. Bb2 d5
15. O-O-O c4 16. Qg5 d4 17. exd4 Qxd4 18. Ncd5 h6 19. Nxf6+ Kf8 20. Nxe6+ Rxe6
21. Nh7+ Kg8 0-1

[Event "AUTO-OPEN-1111"]
[Site "http://www.queenalice.com/game.php?id=394958"]
[Date "2008.4.28"]
[Round "1"]
[White "AnderBob"]
[Black "SheepShagger"]
[Result "1-0"]
[WhiteElo "1697"]
[BlackElo "1439"]

1. f4 e5 2. fxe5 Nc6 3. Nf3 Nge7 4. e3 b6 5. b3 Bb7 6. Bb2 Ng6 7. Be2 Ncxe5 8.
O-O Bd6 9. Qe1 Ng4 10. Bxg7 Rg8 11. Bb2 Bxf3 12. Bxf3 Nxh2 13. g3 Nxf3+ 14. Kf2
Nxe1 15. Kxe1 Bxg3+ 16. Ke2 Qg5 17. Nc3 Qg4+ 18. Rf3 Qh5 19. Rf1 Ne5 20. Nd5
Nxf3 21. Rxf3 1-0

[Event "AUTO-OPEN-1117"]
[Site "http://www.queenalice.com/game.php?id=397030"]
[Date "2008.5.2"]
[Round "1"]
[White "Blackangel"]
[Black "SheepShagger"]
[Result "1-0"]
[WhiteElo "1940"]
[BlackElo "1321"]

1. e4 d5 2. e5 c5 3. d4 cxd4 4. Qxd4 Nc6 5. Bb5 Qa5+ 6. Nc3 Be6 7. b4 Qc7 8. Nf3
O-O-O 9. Bxc6 bxc6 10. a4 f6 11. Bf4 Qb7 12. b5 Rd7 13. bxc6 Qxc6 14. Rb1 g5 15.
Bg3 f5 16. Nxg5 Bh6 17. Nxe6 Qxe6 18. Rb5 Bg7 19. O-O Rd6 20. Qxa7 1-0

[Event "AUTO-OPEN-1117"]
[Site "http://www.queenalice.com/game.php?id=397031"]
[Date "2008.5.2"]
[Round "1"]
[White "SheepShagger"]
[Black "Blackangel"]
[Result "1-0"]
[WhiteElo "1399"]
[BlackElo "1987"]

1. c4 Nf6 2. d4 d5 3. Nc3 c6 4. e3 e6 5. Nf3 Bb4 6. Qc2 Nbd7 7. Bd2 O-O 8. Bd3
Nb6 9. c5 Nbd7 10. O-O b6 11. cxb6 Nxb6 12. Nh4 Qc7 13. Nb5 Qd7 14. Bxb4 cxb5
15. Bxf8 Kxf8 16. Qc5+ Kg8 17. Bxb5 Qd8 18. Nf3 Bb7 19. Ne5 Rc8 20. Qa3 Qc7 21.
b3 Ne4 22. Rac1 Nc3 23. Bd3 f6 24. Nf3 e5 25. dxe5 fxe5 26. Ba6 Bxa6 27. Qxa6
Qe7 28. Rfe1 Ne4 29. Rxc8+ Nxc8 30. Qxc8+ Kf7 31. Rc1 Nd6 32. Qc7 Qxc7 33. Rxc7+
1-0

[Event "AUTO-OPEN-1117"]
[Site "http://www.queenalice.com/game.php?id=397052"]
[Date "2008.5.2"]
[Round "1"]
[White "FOS2006"]
[Black "SheepShagger"]
[Result "0-1"]
[WhiteElo "1658"]
[BlackElo "1319"]

1. e4 d5 2. Bd3 Nc6 3. Nf3 Nf6 4. e5 Nd7 5. Bb5 Ncb8 6. Bxd7+ Nxd7 7. d4 b6 8.
O-O Bb7 9. Nc3 e6 10. a3 Be7 11. Be3 O-O 12. Qc1 Rc8 13. Bg5 c5 14. Bxe7 Qxe7
15. Qe3 cxd4 16. Qxd4 Rc4 17. Qd3 Rg4 18. h3 Rg6 19. b4 d4 20. Ne4 f5 21. Ng3
Bxf3 22. Qxf3 Nxe5 23. Qf4 Nc6 24. b5 e5 25. Qd2 Na5 26. Rfe1 f4 27. Ne4 Nc4 28.
Qb4 Qe6 29. g4 f3 30. Kh2 Rf4 31. Nd2 Nxd2 32. Qxd2 Rfxg4 33. Rg1 Rg2+ 34. Rxg2
Rxg2+ 35. Kh1 Qxh3# 0-1

[Event "AUTO-OPEN-1117"]
[Site "http://www.queenalice.com/game.php?id=397053"]
[Date "2008.5.2"]
[Round "1"]
[White "SheepShagger"]
[Black "FOS2006"]
[Result "1-0"]
[WhiteElo "1349"]
[BlackElo "1628"]

1. d4 d5 2. c4 Be6 3. Nc3 dxc4 4. e4 c6 5. Bf4 Nf6 6. Nf3 b5 7. d5 cxd5 8. Nxb5
Na6 9. Qa4 Qd7 10. Ne5 Nc5 11. Nc7+ Kd8 12. Nxe6+ Qxe6 13. Qa5+ Ke8 14. Qxc5 Qc8
15. Qb5+ Nd7 16. exd5 c3 17. Rc1 a6 18. Qa4 f6 19. Rxc3 Qd8 20. Nc6 Qb6 21. Rb3
Nc5 22. Qd4 Nd3+ 23. Qxd3 Qc5 24. Be2 e5 25. Bh5+ g6 26. Bxg6+ hxg6 27. Qxg6+
Kd7 28. Qf7+ Be7 29. Nxe7 Qxe7 30. Rb7+ Kd6 31. Qxe7+ Kxd5 32. O-O Rhe8 33. Rd1+
Ke4 34. Qh7+ Kxf4 35. Rb4+ Kg5 36. h4# 1-0

[Event "AUTO-OPEN-1117"]
[Site "http://www.queenalice.com/game.php?id=397064"]
[Date "2008.5.2"]
[Round "1"]
[White "Corinthians17"]
[Black "SheepShagger"]
[Result "0-1"]
[WhiteElo "1497"]
[BlackElo "1251"]

1. d4 Nc6 2. Nf3 Nf6 3. Nc3 e6 4. Bf4 b6 5. Nb5 Nd5 6. Bg3 f5 7. Ne5 Bb7 8. Nxc6
Bxc6 9. c4 Bxb5 10. cxb5 Bb4+ 11. Qd2 Bxd2+ 12. Kxd2 f4 13. Bxf4 Nxf4 14. e3 Nd5
15. Bc4 O-O 16. Rhf1 Qe7 17. e4 Qb4+ 18. Kd3 Nf4+ 19. Ke3 Qxc4 20. Rfc1 Qe2# 0-1

[Event "AUTO-OPEN-1117"]
[Site "http://www.queenalice.com/game.php?id=397065"]
[Date "2008.5.2"]
[Round "1"]
[White "SheepShagger"]
[Black "Corinthians17"]
[Result "1-0"]
[WhiteElo "1223"]
[BlackElo "1517"]

1. g3 d5 2. Bg2 e6 3. c4 dxc4 4. Nc3 Nf6 5. d3 cxd3 6. exd3 Bb4 7. Qa4+ Bd7 8.
Qxb4 b6 9. Bxa8 Nc6 10. Bxc6 Bxc6 11. f3 Qxd3 12. Bg5 Bxf3 13. Nxf3 Qxf3 14. Rf1
Qg4 15. Qb5+ Kf8 16. Rd1 Ne4 17. Rd8# 1-0

[Event "let's go play chess"]
[Site "http://www.queenalice.com/game.php?id=402261"]
[Date "2008.5.13"]
[Round "-"]
[White "llina"]
[Black "SheepShagger"]
[Result "0-1"]
[WhiteElo "1544"]
[BlackElo "1376"]

1. d4 d5 2. e3 e6 3. Nf3 Nf6 4. Bd3 Nbd7 5. c4 c6 6. cxd5 exd5 7. O-O Bd6 8. a3
Nf8 9. Nc3 Bg4 10. h3 Bh5 11. g4 Bg6 12. Bxg6 hxg6 13. g5 Ne4 14. Nxe4 dxe4 15.
Ne5 Rxh3 16. Qg4 Rh5 17. f3 Rxg5 18. Qxg5 Qxg5+ 19. Ng4 exf3 20. Kf2 Qxg4 21.
Rg1 Qf5 22. Bd2 Nh7 23. b4 Ng5 24. e4 Nxe4+ 25. Ke3 Bf4+ 26. Kd3 Nxd2+ 27. Kc3
O-O-O 28. Kb2 Rxd4 29. Kc3 Rc4+ 30. Kb2 Rc2# 0-1

[Event "QA-ANNIV-04"]
[Site "http://www.queenalice.com/game.php?id=418481"]
[Date "2008.6.16"]
[Round "1"]
[White "SheepShagger"]
[Black "Parma"]
[Result "0-1"]
[WhiteElo "1443"]
[BlackElo "2077"]

1. c4 d5 2. d4 Nf6 3. Nf3 e6 4. Qc2 Nc6 5. c5 b6 6. Nc3 Ba6 7. b4 Bc4 8. Rb1 b5
9. g3 Be7 10. Bg2 O-O 11. a4 a6 12. O-O Na7 13. a5 h6 14. Ne5 Nd7 15. Nxc4 bxc4
16. e4 c6 0-1